000 00325nam a2200121Ia 4500
008 240731s9999 xx 000 0 und d
022 _a1743-1336
245 0 _aInternational Journal of Cast Metals Research
260 _bTaylor & Francis
856 _uhttps://www.tandfonline.com/loi/ycmr20
942 _2ddc
942 _cTFEJ
999 _c77060
_d77060
945 _a1
_bMadushi Gamage
_c1
_dMadushi Gamage